Statistics for Bayern Munich Trivia

Click here to take the quiz!

General Stats

  • This quiz has been taken 43 times
  • The average score is 13 of 16

Answer Stats

QuestionAnswer% Correct
What is the home stadium of Bayern Munich?{Allianz} Arena
100%
What team did Bayern defeat this year to earn its sixth
UEFA Champions League trophy?
Paris Saint-Germain
98%
Who has scored the most goals for Bayern Munich?Gerd Müller
95%
What Bayern forward is the captain of Poland's national team?Robert Lewandowski
95%
Who is the current goalkeeper of the club?Manuel Neuer
93%
What club did Bayern defeat to win the 2013 UEFA Champions League?Borussia Dortmund
93%
Who was the top Bayern goalkeeper between 1994–2008?Oliver Kahn
93%
Who is the manager of the club?Hans-Dieter Flick
88%
What French defender was transferred to Bayern from VfB Stuttgart in 2019?Benjamin Pavard
88%
What French defender did the club pay €80 m for in 2019 - the most expensive?Lucas Hernandez
83%
What former Bayern player is the current chairman of the club?Karl-Heinz Rummenigge
80%
By what nickname were Arjen "Robben" and Franck "Ribéry" known as a duo?Robbery
78%
Under the captaincy of what player did the club win the European Cup three
consecutive times in the 1970s?
Franz Beckenbauer
75%
What then-Bayern sweeper won the 1991 "FIFA Player of the Year" trophy?Lothar Matthäus
60%
What former-Bayern player is the current assistant manager of the club?Miroslav Klose
53%
What was the home stadium of Bayern between 1972–2005?{Olympia}stadion
50%

Score Distribution

Percentile by Number Answered

Percent of People with Each Score

Your Score History

You have not taken this quiz